[Event "Michigan Open Reserve"]
[Site "Cadillac, MI"]
[Date "1999.09.05"]
[Round "4"]
[White "Haney, Mark"]
[Black "Miller, Jess"]
[Result "1-0"]
[WhiteElo "1478"]
[BlackElo "1231"]
[PlyCount "31"]
[EventDate "1999.09.03"]

1. e4 e6 2. d4 d5 3. e5 c5 4. c3 Nc6 5. Nf3 Qb6 6. a3 Nge7 7. Bd3 cxd4 8. cxd4
Nxd4 9. Nxd4 Qxd4 10. Bb5+ Nc6 11. Bxc6+ bxc6 12. Qxd4 Ba6 13. Nc3 Be7 14. Qg4
O-O 15. Bh6 g6 16. Bxf8 1-0

[Event "Michigan Open Reserve"]
[Site "Cadillac, MI"]
[Date "1999.09.05"]
[Round "4"]
[White "Griffin, John"]
[Black "Dorrington, Eldon"]
[Result "0-1"]
[WhiteElo "1525"]
[BlackElo "1666"]
[PlyCount "114"]
[EventDate "1999.09.03"]

1. d4 Nf6 2. c4 g6 3. Nc3 Bg7 4. e4 d6 5. Nf3 O-O 6. Be2 Na6 7. O-O c5 8. d5
Nd7 9. Rb1 Nc7 10. Qc2 e5 11. a4 Nf6 12. Bg5 h6 13. Bd2 Nh7 14. h3 f5 15. exf5
gxf5 16. Nh2 Kh8 17. f4 e4 18. Nd1 Rg8 19. Ne3 Bd4 20. b4 Rg3 21. Kh1 Bxe3 22.
Qc3+ Qf6 23. Qxf6+ Nxf6 24. Be1 Rg8 25. bxc5 Bxc5 26. Bc3 Rf8 27. g4 Kh7 28.
gxf5 Bxf5 29. Rxb7 Nfe8 30. Bh5 Bc8 31. Rb3 Ba6 32. Ba1 Bxc4 33. Rg3 Rg8 34.
Rxg8 Kxg8 35. Rd1 Bxd5 36. Ng4 e3+ 37. Kh2 e2 38. Nf6+ Nxf6 39. Bxe2 Kf7 40. h4
Rg8 41. Kh3 Be6+ 42. Kh2 Ng4+ 43. Bxg4 Rxg4 44. Bd4 Rxh4+ 45. Kg3 Rg4+ 46. Kf3
Bxd4 47. Rxd4 Ke7 48. Rb4 a6 49. Rb7 Kd7 50. a5 Rg7 51. Rb2 h5 52. Rh2 Bg4+ 53.
Ke4 Re7+ 54. Kd4 Nb5+ 55. Kc4 Re4+ 56. Kb3 Rxf4 57. Rd2 h4 0-1

[Event "Michigan Open Reserve"]
[Site "Cadillac, MI"]
[Date "1999.09.05"]
[Round "2"]
[White "Gregg, Ted"]
[Black "Seppala, Travis"]
[Result "1-0"]
[WhiteElo "1276"]
[BlackElo "907"]
[PlyCount "25"]
[EventDate "1999.09.03"]

1. f4 d5 2. b3 e6 3. Nf3 Nc6 4. Bb2 Bd6 5. Bxg7 Bxf4 6. Bxh8 Qh4+ 7. Nxh4 Nb4
8. e3 Bg5 9. Nf3 Bf6 10. Bxf6 Nxf6 11. a3 Nc6 12. Bb5 e5 13. Nxe5 1-0

[Event "Michigan Open Reserve"]
[Site "Cadillac, MI"]
[Date "1999.09.05"]
[Round "4"]
[White "Gregg, Ted"]
[Black "Miller, Jess"]
[Result "1/2-1/2"]
[WhiteElo "1276"]
[BlackElo "1231"]
[PlyCount "62"]
[EventDate "1999.09.03"]

1. f4 e6 2. e4 d5 3. e5 c5 4. Nf3 Nc6 5. Bb5 Bd7 6. Bxc6 Bxc6 7. d4 Ne7 8. dxc5
Qa5+ 9. Nc3 Qxc5 10. Qd4 Nf5 11. Qxc5 Bxc5 12. Bd2 d4 13. Ne2 Bxf3 14. gxf3 O-O
15. O-O-O a5 16. Kb1 b5 17. Nc1 b4 18. b3 a4 19. Nd3 Be7 20. Nxb4 axb3 21. cxb3
Bxb4 22. Bxb4 Rfc8 23. Bd2 Rc6 24. Rc1 Rca6 25. Rc2 d3 26. Rb2 Nd4 27. Rf1 Nxb3
28. Rxb3 h6 29. a3 Rxa3 30. Rxa3 Rxa3 31. Kb2 Ra7 1/2-1/2

[Event "Michigan Open Reserve"]
[Site "Cadillac, MI"]
[Date "1999.09.05"]
[Round "2"]
[White "Goud, Satish"]
[Black "Williams, Christopher"]
[Result "1-0"]
[WhiteElo "1581"]
[BlackElo "763"]
[PlyCount "108"]
[EventDate "1999.09.03"]

1. f4 e5 2. fxe5 Bc5 3. Nf3 Nh6 4. d4 Bb6 5. Bg5 Ba5+ 6. c3 f6 7. exf6 gxf6 8.
Bxh6 Qe7 9. Qd3 Nc6 10. Nbd2 d5 11. O-O-O Bd7 12. e4 dxe4 13. Qxe4 O-O-O 14.
Qxe7 Nxe7 15. Bg7 Rhg8 16. Bxf6 Rde8 17. Bxe7 Rxe7 18. Nc4 Bb6 19. Nxb6+ axb6
20. Ne5 Bf5 21. g3 c5 22. Bd3 Bxd3 23. Rxd3 Rf8 24. Rhd1 cxd4 25. cxd4 Rf2 26.
R1d2 Rc7+ 27. Rc3 Rxc3+ 28. bxc3 Rf1+ 29. Kc2 b5 30. d5 Rf5 31. Ng4 h5 32. Ne3
Re5 33. Ng2 Kc7 34. d6+ Kd7 35. Nf4 b6 36. Rd5 Rxd5 37. Nxd5 Kxd6 38. Nxb6 Ke5
39. Kd3 Kf5 40. h3 Kg5 41. c4 b4 42. c5 Kf6 43. c6 Ke7 44. c7 Ke6 45. c8=Q+ Ke5
46. Qc5+ Kf6 47. Ke4 b3 48. axb3 h4 49. gxh4 Kg6 50. Qf8 Kh7 51. Qf6 Kg8 52.
Qe7 Kh8 53. Kf5 Kg8 54. Kg6 Kh8 1-0

[Event "Michigan Open Reserve"]
[Site "Cadillac, MI"]
[Date "1999.09.05"]
[Round "4"]
[White "Foord, Allan"]
[Black "Kane, Paul"]
[Result "0-1"]
[WhiteElo "1503"]
[BlackElo "1643"]
[PlyCount "72"]
[EventDate "1999.09.03"]

1. e4 c5 2. Nf3 d6 3. d4 cxd4 4. Nxd4 Nf6 5. Nc3 a6 6. Bg5 e6 7. f4 Be7 8. Be2
h6 9. Bxf6 Bxf6 10. Qd3 Nd7 11. Rd1 Nc5 12. Qe3 Qc7 13. O-O O-O 14. Kh1 b5 15.
Bf3 Bb7 16. f5 e5 17. Nde2 Rfd8 18. Ng3 Bg5 19. Qf2 b4 20. Nd5 Bxd5 21. exd5
Na4 22. b3 Nc3 23. Rd3 Nxa2 24. Ne4 Nc3 25. Nxg5 hxg5 26. Bh5 Qc5 27. Qxc5 dxc5
28. d6 f6 29. Ra1 Ra7 30. Ra5 e4 31. Re3 Rxd6 32. Rxc5 Rad7 33. Rc8+ Rd8 34.
Rxd8+ Rxd8 35. Be2 Nxe2 36. Rxe2 Rd1+ 0-1

[Event "Michigan Open Reserve"]
[Site "Cadillac, MI"]
[Date "1999.09.05"]
[Round "5"]
[White "Duweck, Mike"]
[Black "Mose, Greg"]
[Result "0-1"]
[WhiteElo "1439"]
[BlackElo "1563"]
[PlyCount "50"]
[EventDate "1999.09.03"]

1. d4 d5 2. c4 c6 3. Nf3 Nf6 4. Nc3 Bg4 5. c5 b6 6. b4 a5 7. bxa5 bxc5 8. dxc5
Qxa5 9. Bd2 Qxc5 10. Ne5 d4 11. Nxg4 Nxg4 12. Ne4 Qe5 13. Ng3 h5 14. f4 Qd5 15.
Qc2 Ne3 16. Bxe3 dxe3 17. Ne4 e6 18. Nc3 Qa5 19. a3 Bb4 20. axb4 Qxa1+ 21. Nd1
O-O 22. g3 Rd8 23. Bg2 Rxd1+ 24. Qxd1 Qc3+ 25. Kf1 Ra1 0-1

[Event "Michigan Open Reserve"]
[Site "Cadillac, MI"]
[Date "1999.09.05"]
[Round "4"]
[White "Drysdale, Gilbert"]
[Black "James, Larry"]
[Result "1-0"]
[WhiteElo "1795"]
[BlackElo "1748"]
[PlyCount "50"]
[EventDate "1999.09.03"]

1. c4 Nf6 2. Nc3 d5 3. cxd5 Nxd5 4. Nf3 Nc6 5. g3 e5 6. Bg2 Be6 7. O-O f5 8. d4
Nxc3 9. bxc3 e4 10. Nd2 Be7 11. Qa4 O-O 12. Rb1 Qc8 13. e3 Bd7 14. Qb3+ Rf7 15.
Qxb7 Qxb7 16. Rxb7 Bd6 17. c4 Bc8 18. Rb1 a5 19. f3 Nb4 20. fxe4 fxe4 21. Rxf7
Kxf7 22. Bxe4 Ra7 23. c5 Be7 24. a3 Na2 25. Bb2 Bg5 1-0

[Event "Michigan Open Reserve"]
[Site "Cadillac, MI"]
[Date "1999.09.05"]
[Round "5"]
[White "Dorrington, Eldon"]
[Black "Dickerson, Tom"]
[Result "0-1"]
[WhiteElo "1666"]
[BlackElo "1487"]
[PlyCount "64"]
[EventDate "1999.09.03"]

1. d4 e6 2. Nc3 d5 3. Nf3 c5 4. e3 Nc6 5. Bb5 Bd7 6. Bxc6 Bxc6 7. O-O Qb6 8.
Rb1 Nh6 9. Ne2 Bd6 10. c3 Qa6 11. a3 Bb5 12. Re1 Bd3 13. Ra1 Be4 14. Ng3 Bxg3
15. fxg3 f6 16. Bd2 Bd3 17. dxc5 O-O 18. Nd4 e5 19. Ne2 Qc4 20. b4 f5 21. Nc1
Be4 22. Qb3 Qa6 23. b5 Qg6 24. Nd3 Ng4 25. Nf2 Nxf2 26. Kxf2 Qh5 27. h3 Rf6 28.
Kg1 Rg6 29. Qd1 Qg5 30. g4 fxg4 31. hxg4 Qh4 32. Rf1 Rh6 0-1

[Event "Michigan Open Reserve"]
[Site "Cadillac, MI"]
[Date "1999.09.05"]
[Round "4"]
[White "Dickerson, Tom"]
[Black "Labiner, Jordan"]
[Result "1-0"]
[WhiteElo "1487"]
[BlackElo "1554"]
[PlyCount "73"]
[EventDate "1999.09.03"]

1. d4 Nf6 2. Nf3 g6 3. c4 c5 4. Nc3 cxd4 5. Nxd4 Bg7 6. e3 O-O 7. Be2 Nc6 8.
O-O d6 9. Bd2 Nxd4 10. exd4 Qb6 11. b3 Qxd4 12. Nb5 Qb6 13. Be3 Qa5 14. Qc2 Bf5
15. Bd3 Bxd3 16. Qxd3 Ng4 17. Rae1 Nxe3 18. Qxe3 Rfe8 19. b4 Qd8 20. Nxa7 Qb8
21. Nb5 Rxa2 22. Qb6 Bf6 23. Nc7 Rc8 24. Nd5 Kg7 25. Nxf6 Kxf6 26. Qd4+ e5 27.
Qh4+ Kg7 28. Re3 Qc7 29. Rh3 Rh8 30. Qh6+ Kg8 31. Rh4 Rc2 32. Ra1 Qb8 33. f4
Rxc4 34. fxe5 Rxh4 35. Qxh4 dxe5 36. Qf6 h6 37. Rd1 1-0

[Event "Michigan Open Reserve"]
[Site "Cadillac, MI"]
[Date "1999.09.05"]
[Round "4"]
[White "DeFrayne, Don"]
[Black "Imai, Toshio"]
[Result "1-0"]
[WhiteElo "1428"]
[BlackElo "1500"]
[PlyCount "61"]
[EventDate "1999.09.03"]

1. e4 e5 2. Nf3 Nc6 3. Bc4 Nf6 4. Ng5 d5 5. exd5 b5 6. dxc6 bxc4 7. Qe2 Qd4 8.
Nf3 Qd6 9. Qxe5+ Qxe5+ 10. Nxe5 Be6 11. d3 cxd3 12. Nxd3 Bd5 13. O-O Bd6 14.
Re1+ Be6 15. Bf4 O-O 16. Bxd6 cxd6 17. Nc3 Rfc8 18. Nf4 Bf5 19. Nfd5 Nxd5 20.
Nxd5 Kf8 21. Ne7 Bxc2 22. Nxc8 Rxc8 23. Rac1 Ba4 24. c7 f6 25. b3 Bd7 26. a4
Kf7 27. Re4 Be6 28. Rb4 Ke7 29. Rb7 Kd7 30. b4 a6 31. Ra7 1-0

[Event "Michigan Open Reserve"]
[Site "Cadillac, MI"]
[Date "1999.09.05"]
[Round "4"]
[White "Crysler, Jerry"]
[Black "Moore, Robert"]
[Result "0-1"]
[WhiteElo "1345"]
[BlackElo "1600"]
[PlyCount "68"]
[EventDate "1999.09.03"]

1. g3 g6 2. Bg2 Bg7 3. c4 d6 4. d3 Nf6 5. Nd2 O-O 6. Ne4 Nxe4 7. Bxe4 Nc6 8.
Bg2 Rb8 9. Rb1 Nd4 10. e3 Nf5 11. Nf3 e5 12. O-O Re8 13. Ne1 Bd7 14. b3 c5 15.
Bb2 b5 16. a3 Qc7 17. Nc2 bxc4 18. bxc4 Bc6 19. Bh3 Ne7 20. e4 f5 21. exf5 Nxf5
22. Bxf5 gxf5 23. Qh5 Qf7 24. Qxf7+ Kxf7 25. Ne3 Kg6 26. Bc3 Bf3 27. Rb2 Rxb2
28. Bxb2 Be2 29. Re1 Bxd3 30. Rd1 e4 31. Bxg7 Kxg7 32. Nxf5+ Kf6 33. Nxd6 Rb8
34. Rd2 Rb1+ 0-1

[Event "Michigan Open Reserve"]
[Site "Cadillac, MI"]
[Date "1999.09.05"]
[Round "3"]
[White "Croel, Duane"]
[Black "Gregg, Ted"]
[Result "1-0"]
[WhiteElo "1762"]
[BlackElo "1276"]
[PlyCount "74"]
[EventDate "1999.09.03"]

1. d4 d5 2. c4 Nf6 3. cxd5 Nxd5 4. e4 Nb6 5. Nf3 Bg4 6. Be2 e6 7. Nc3 Bb4 8.
O-O Bxc3 9. bxc3 Nc6 10. Be3 O-O 11. Qc2 Re8 12. e5 Nd5 13. Bg5 f6 14. exf6
Nxf6 15. Rfe1 Qd5 16. Bxf6 gxf6 17. c4 Qh5 18. Rad1 Rad8 19. d5 exd5 20. cxd5
Ne5 21. Nxe5 Rxe5 22. Bxg4 Qxg4 23. f3 Rxe1+ 24. Rxe1 Qd4+ 25. Kf1 Qxd5 26.
Qxc7 Qd7 27. Qc4+ Kf8 28. Qc5+ Qd6 29. Qxa7 Qa6+ 30. Qxa6 bxa6 31. Re2 Kf7 32.
Kf2 Rd1 33. Ke3 Rd5 34. g4 Re5+ 35. Kf2 Rxe2+ 36. Kxe2 f5 37. Ke3 Kf6 1-0

[Event "Michigan Open Reserve"]
[Site "Cadillac, MI"]
[Date "1999.09.05"]
[Round "5"]
[White "Croel, Duane"]
[Black "Ballou, Max"]
[Result "1-0"]
[WhiteElo "1762"]
[BlackElo "927"]
[PlyCount "67"]
[EventDate "1999.09.03"]

1. d4 d5 2. c4 e6 3. cxd5 exd5 4. Nc3 Nf6 5. Bg5 Be7 6. e3 O-O 7. Bd3 Nbd7 8.
Nge2 c5 9. O-O Nb6 10. dxc5 Bxc5 11. Qc2 g6 12. Rad1 d4 13. Ne4 Be7 14. Nxd4
Nxe4 15. Bxe7 Qxe7 16. Bxe4 Rd8 17. Rd2 Nd5 18. Rfd1 Be6 19. Nxe6 fxe6 20. Bxd5
exd5 21. Rxd5 Rac8 22. Rxd8+ Rxd8 23. Rxd8+ Qxd8 24. Qc4+ Kg7 25. Qd4+ Qf6 26.
Qxf6+ Kxf6 27. Kf1 Ke5 28. Ke2 Ke4 29. f3+ Ke5 30. Kd3 Kd5 31. e4+ Kc5 32. a3
b5 33. b4+ Kd6 34. Kd4 1-0

[Event "Michigan Open Reserve"]
[Site "Cadillac, MI"]
[Date "1999.09.05"]
[Round "5"]
[White "Cox, Nick"]
[Black "Kyser, Bob"]
[Result "1-0"]
[WhiteElo "1015"]
[BlackElo "1309"]
[PlyCount "93"]
[EventDate "1999.09.03"]

1. e4 d5 2. exd5 Nf6 3. Bb5+ Nbd7 4. Nc3 a6 5. Ba4 g6 6. Nf3 b5 7. Bb3 Nc5 8.
O-O Bg4 9. d3 Nxb3 10. axb3 Nxd5 11. Nxd5 Qxd5 12. Re1 Bxf3 13. Qxf3 Qxf3 14.
gxf3 b4 15. Bd2 c5 16. Be3 a5 17. Bxc5 e6 18. Bb6 Bg7 19. Rxa5 Kd7 20. Rxa8
Rxa8 21. Bc5 Rb8 22. Re4 Rc8 23. Rc4 Bxb2 24. Bxb4 Rxc4 25. dxc4 h5 26. Kf1 h4
27. Ke2 h3 28. f4 g5 29. Kf3 Bc1 30. Kg3 Bxf4+ 31. Kxh3 f5 32. f3 Kc6 33. Ba3
e5 34. b4 Bd2 35. Kg2 e4 36. fxe4 fxe4 37. Kf2 Bf4 38. h3 e3+ 39. Ke2 Kb6 40.
Bc1 Kc6 41. Bxe3 Bd6 42. b5+ Kb7 43. Bxg5 Kb6 44. h4 Kc5 45. Kd3 Be5 46. h5 Bd4
47. Be3 1-0

[Event "Michigan Open Reserve"]
[Site "Cadillac, MI"]
[Date "1999.09.05"]
[Round "4"]
[White "Cox, Daniel"]
[Black "Choate, Eric"]
[Result "0-1"]
[WhiteElo "802"]
[BlackElo "1168"]
[PlyCount "88"]
[EventDate "1999.09.03"]

1. e4 e5 2. Bc4 Nf6 3. Nc3 Bc5 4. Nf3 d6 5. O-O Nc6 6. d3 h6 7. Qe2 Bg4 8. Be3
Bd4 9. Rab1 a6 10. Nd5 O-O 11. Nxf6+ Qxf6 12. c3 Bxe3 13. Qxe3 Qg6 14. g3 Bh3
15. Rfe1 Kh8 16. Nh4 Qg4 17. Nf5 Qg6 18. Rbd1 Bxf5 19. exf5 Qxf5 20. d4 exd4
21. cxd4 Qc2 22. Bd5 Rab8 23. Rd2 Qf5 24. Bc4 Qd7 25. Bd3 Rfe8 26. Be4 d5 27.
f3 dxe4 28. fxe4 Rbd8 29. d5 Ne5 30. Red1 Nc4 31. Qd3 Nxd2 32. Qxd2 Rxe4 33.
Qc2 Re5 34. Rc1 Rxd5 35. Qxc7 Qxc7 36. Rxc7 R8d7 37. Rc8+ Kh7 38. h4 Rd2 39.
Re8 Rxb2 40. Re1 Rdd2 41. Kf1 Rxa2 42. g4 Rf2+ 43. Kg1 Rg2+ 44. Kf1 Raf2# 0-1

[Event "Michigan Open Reserve"]
[Site "Cadillac, MI"]
[Date "1999.09.05"]
[Round "5"]
[White "Choate, Eric"]
[Black "Gregg, Ted"]
[Result "1-0"]
[WhiteElo "1168"]
[BlackElo "1276"]
[PlyCount "89"]
[EventDate "1999.09.03"]

1. e4 e5 2. Nf3 f5 3. exf5 e4 4. Nd4 Qf6 5. c3 d5 6. Qh5+ g6 7. fxg6 hxg6 8.
Qxd5 Qe7 9. b3 Nf6 10. Qc4 c5 11. Nc2 Bd7 12. Ne3 Nc6 13. Nd5 Nxd5 14. Qxd5
O-O-O 15. Bc4 Bf5 16. Qf7 Ne5 17. Qxe7 Bxe7 18. Be2 Nd3+ 19. Bxd3 Rxd3 20. O-O
Bg5 21. c4 Rhd8 22. Nc3 Bxd2 23. Bxd2 Rxd2 24. Rfd1 Rxd1+ 25. Rxd1 Rxd1+ 26.
Nxd1 Kd7 27. Ne3 Kd6 28. Nxf5+ gxf5 29. f3 exf3 30. gxf3 Ke5 31. Kf2 Kf4 32.
Ke2 Kg5 33. Ke3 a6 34. h4+ Kxh4 35. Kf4 Kh5 36. Kxf5 Kh6 37. f4 Kg7 38. Ke6 b6
39. f5 Kf8 40. Kd6 Kf7 41. Kc6 b5 42. cxb5 axb5 43. Kxb5 Kf6 44. Kxc5 Kxf5 45.
b4 1-0

[Event "Michigan Open Reserve"]
[Site "Cadillac, MI"]
[Date "1999.09.05"]
[Round "1"]
[White "Boronka, Joseph"]
[Black "Gregg, Ted"]
[Result "1-0"]
[WhiteElo "1710"]
[BlackElo "1276"]
[PlyCount "47"]
[EventDate "1999.09.03"]

1. e4 e5 2. Nf3 f5 3. Nxe5 fxe4 4. Qh5+ g6 5. Nxg6 hxg6 6. Qxh8 Nf6 7. d4 Qe7
8. Nc3 d5 9. Bg5 Bf5 10. Bxf6 Qf7 11. O-O-O c6 12. f3 Nd7 13. fxe4 dxe4 14. Bh4
Qg7 15. Qxg7 Bxg7 16. Re1 Bf6 17. Bxf6 Nxf6 18. Bd3 O-O-O 19. Nxe4 Nxe4 20.
Bxe4 Rxd4 21. Bxf5+ gxf5 22. Rhf1 Re4 23. Rxe4 fxe4 24. Re1 1-0

[Event "Michigan Open Reserve"]
[Site "Cadillac, MI"]
[Date "1999.09.05"]
[Round "2"]
[White "Bohland, Jonathon"]
[Black "Jacobs, Ron"]
[Result "1-0"]
[WhiteElo "1157"]
[BlackElo "1279"]
[PlyCount "67"]
[EventDate "1999.09.03"]

1. d4 f5 2. c4 Nf6 3. Nc3 g6 4. Bg5 Bg7 5. e3 O-O 6. Nf3 d6 7. g3 Qe8 8. Bg2 c6
9. O-O Na6 10. a3 Ne4 11. Nxe4 fxe4 12. Nd2 d5 13. cxd5 cxd5 14. Qb3 e6 15. f3
exf3 16. Rxf3 h6 17. Rxf8+ Qxf8 18. Rf1 Qe8 19. Bf4 g5 20. Bd6 b6 21. Qd3 Bb7
22. e4 Rd8 23. Be5 Bxe5 24. dxe5 Nc5 25. Qe2 d4 26. Qf2 Nd3 27. Qf6 Rd7 28.
Qxh6 Rg7 29. Rf6 Qc8 30. Rxe6 Qc1+ 31. Bf1 Bc6 32. Rxc6 Qxd2 33. Rc8+ Kf7 34.
Qf6# 1-0

[Event "Michigan Open Reserve"]
[Site "Cadillac, MI"]
[Date "1999.09.05"]
[Round "5"]
[White "Bohland, Jonathon"]
[Black "Boronka, Joseph"]
[Result "1/2-1/2"]
[WhiteElo "1157"]
[BlackElo "1710"]
[PlyCount "59"]
[EventDate "1999.09.03"]

1. d4 d5 2. c4 c6 3. Nf3 Nf6 4. Nc3 e6 5. Bg5 h6 6. Bh4 g5 7. Bg3 dxc4 8. e3 b5
9. a4 Bb4 10. axb5 cxb5 11. Bxb8 Rxb8 12. Rxa7 Qb6 13. Qa1 Ne4 14. Ra2 O-O 15.
Be2 Bb7 16. O-O Ra8 17. Nxe4 Bxe4 18. Rxa8 Rxa8 19. Qc1 Qb7 20. Qd1 Ra2 21. Qc1
g4 22. Nh4 Qd5 23. f3 gxf3 24. Bxf3 Bxf3 25. Nxf3 Bd6 26. Qb1 Ra8 27. Qc2 e5
28. dxe5 Bxe5 29. Nxe5 Qxe5 30. Qf2 1/2-1/2

[Event "Michigan Open Reserve"]
[Site "Cadillac, MI"]
[Date "1999.09.05"]
[Round "4"]
[White "Barta, Roger"]
[Black "Mitchell, Dave"]
[Result "1-0"]
[WhiteElo "1649"]
[BlackElo "1295"]
[PlyCount "41"]
[EventDate "1999.09.03"]

1. e4 d6 2. d4 Nf6 3. Bd3 c6 4. f4 e5 5. c3 Qa5 6. Nf3 Nbd7 7. O-O Be7 8. h3
O-O 9. Be3 exf4 10. Bxf4 Qb6 11. Qc2 Re8 12. Nbd2 Nf8 13. Rae1 Ng6 14. Nc4 Qd8
15. Bxd6 Bxd6 16. Nxd6 Qxd6 17. e5 Nxe5 18. dxe5 Qc5+ 19. Kh2 Nh5 20. Bxh7+ Kh8
21. Ng5 1-0

[Event "Michigan Open Reserve"]
[Site "Cadillac, MI"]
[Date "1999.09.05"]
[Round "5"]
[White "Barta, Roger"]
[Black "Griffin, John"]
[Result "1/2-1/2"]
[WhiteElo "1649"]
[BlackElo "1525"]
[PlyCount "117"]
[EventDate "1999.09.03"]

1. e4 c5 2. Nc3 Nc6 3. g3 e6 4. Bg2 g6 5. d3 Bg7 6. f4 Nge7 7. Nf3 d6 8. O-O
Nd4 9. Be3 Nec6 10. Qd2 Rb8 11. Rab1 O-O 12. Ne2 Nxe2+ 13. Qxe2 b5 14. Nh4 Nd4
15. Qd2 f5 16. c3 Nc6 17. exf5 Ne7 18. fxg6 Nxg6 19. Nxg6 hxg6 20. d4 c4 21. d5
e5 22. fxe5 Bf5 23. Rbe1 Bxe5 24. Bd4 Bxd4+ 25. Qxd4 Qb6 26. Qxb6 axb6 27. a3
Rfe8 28. Kf2 Bd3 29. Rxe8+ Rxe8 30. Re1 Rf8+ 31. Ke3 Re8+ 32. Kd2 Rf8 33. Be4
Bxe4 34. Rxe4 Rf5 35. Ke3 Rxd5 36. Rd4 Re5+ 37. Kf4 Re6 38. Re4 Rf6+ 39. Kg5 d5
40. Re7 Rd6 41. h4 Kf8 42. Re3 Kf7 43. h5 gxh5 44. Kxh5 d4 45. Rf3+ Kg7 46.
cxd4 Rxd4 47. Rf2 Rd5+ 48. Kh4 Kg6 49. g4 b4 50. axb4 Rb5 51. Rc2 Rxb4 52. Kg3
b5 53. Kf3 Rb3+ 54. Ke4 Rg3 55. Kd5 Rxg4 56. Kc5 Rg5+ 57. Kb4 Kf6 58. Re2 Rd5
59. Re8 1/2-1/2

[Event "Michigan Open Reserve"]
[Site "Cadillac, MI"]
[Date "1999.09.05"]
[Round "4"]
[White "Ballou, Max"]
[Black "Councell, Keith"]
[Result "1-0"]
[WhiteElo "927"]
[BlackElo "1256"]
[PlyCount "51"]
[EventDate "1999.09.03"]

1. e4 c6 2. d4 d5 3. exd5 cxd5 4. c4 e6 5. Nf3 dxc4 6. Bxc4 Nf6 7. O-O Bd6 8.
Nc3 a6 9. Bg5 Nbd7 10. Re1 O-O 11. Ne5 b5 12. Bd3 h6 13. Bh4 Qc7 14. Nxd7 Nxd7
15. g3 g5 16. Bxg5 hxg5 17. Qh5 f5 18. Qxg5+ Kf7 19. Qh5+ Kf6 20. Qh6+ Kf7 21.
Rxe6 Nf6 22. Rxf6+ Ke8 23. Rxd6 Rf7 24. Re1+ Re7 25. Qh8+ Kf7 26. Rf6# 1-0

[Event "Michigan Open Reserve"]
[Site "Cadillac, MI"]
[Date "1999.09.05"]
[Round "4"]
[White "Baker, David"]
[Black "Johnson, Donta"]
[Result "0-1"]
[WhiteElo "1515"]
[BlackElo "1483"]
[PlyCount "64"]
[EventDate "1999.09.03"]

1. d4 Nf6 2. c4 g6 3. Nc3 Bg7 4. e4 d6 5. Nf3 O-O 6. Be2 e5 7. d5 a5 8. O-O Na6
9. Ne1 Nc5 10. f3 Nh5 11. Be3 f5 12. Nd3 Nxd3 13. Qxd3 f4 14. Bd2 Bf6 15. Rfc1
Bh4 16. Be1 Bg3 17. hxg3 fxg3 18. Bxg3 Nxg3 19. Nd1 Qh4 20. Ne3 Rf4 21. c5 Qh1+
22. Kf2 Nxe4+ 23. Qxe4 Qh4+ 24. g3 Qh2+ 25. Ng2 Rxe4 26. fxe4 Qh6 27. cxd6 cxd6
28. Rc7 Qd2 29. Ne3 b6 30. Rh1 h5 31. Rc6 Ba6 32. Re1 Rf8+ 0-1

[Event "Michigan Open Reserve"]
[Site "Cadillac, MI"]
[Date "1999.09.05"]
[Round "4"]
[White "Avery, Bill"]
[Black "Grzegorczyk, Ron"]
[Result "0-1"]
[WhiteElo "1564"]
[BlackElo "1500"]
[PlyCount "122"]
[EventDate "1999.09.03"]

1. d4 d5 2. h3 Nf6 3. Nf3 e6 4. Bg5 Be7 5. e3 Ne4 6. Bf4 Nd7 7. Bd3 c5 8. c3
O-O 9. Nbd2 Ndf6 10. O-O Bd6 11. Ne5 Nxd2 12. Qxd2 Nh5 13. Bh2 g6 14. g4 Ng7
15. f4 c4 16. Bc2 Bd7 17. g5 Qe8 18. Ng4 Nh5 19. Nh6+ Kg7 20. Bd1 f5 21. Bxh5
gxh5 22. Rf2 Be7 23. h4 Ba4 24. Rg2 a5 25. Kh1 Bc6 26. Rag1 b5 27. Bg3 Kg6 28.
Bf2 b4 29. Qc2 Ba4 30. Qe2 Rb8 31. b3 cxb3 32. axb3 Bb5 33. Qb2 Bd3 34. Kh2 Be4
35. Rg3 bxc3 36. Qxc3 Bb4 37. Qb2 Rc8 38. Rc1 Qe7 39. Rgg1 Rxc1 40. Rxc1 Ba3
41. Rc7 Qxc7 42. Qxa3 Rc8 43. Kg3 Kg7 44. Be1 Re8 45. Qxa5 Qxa5 46. Bxa5 Rc8
47. Be1 Rc2 48. Ba5 Re2 49. b4 Rxe3+ 50. Kf2 Rf3+ 51. Ke2 Rxf4 52. Bc7 Rxh4 53.
Be5+ Kg6 54. Bf6 Rh2+ 55. Ke3 Rh3+ 56. Kf4 Rb3 57. Be7 h4 58. Ng4 fxg4 59. Kxg4
h3 60. Bd6 Rxb4 61. Kxh3 Rxd4 0-1

[Event "Michigan Open Reserve"]
[Site "Cadillac, MI"]
[Date "1999.09.05"]
[Round "4"]
[White "Aldrich, Justin"]
[Black "Saylor, Oliver"]
[Result "1-0"]
[WhiteElo "1503"]
[BlackElo "1308"]
[PlyCount "95"]
[EventDate "1999.09.03"]

1. e4 e5 2. Nf3 Nc6 3. Bc4 Bc5 4. a3 Nf6 5. d3 O-O 6. Bg5 d6 7. h3 h6 8. Bh4
Nd4 9. c3 Nxf3+ 10. Qxf3 c6 11. O-O Qe7 12. Bxf6 Qxf6 13. Qxf6 gxf6 14. Nd2 f5
15. Rad1 fxe4 16. Nxe4 d5 17. Nxc5 dxc4 18. dxc4 b6 19. Nd7 Bxd7 20. Rxd7 Rfd8
21. Rfd1 Rxd7 22. Rxd7 Kg7 23. f3 Kg6 24. Kf2 c5 25. Ke3 f6 26. h4 h5 27. g3 f5
28. a4 Kf6 29. Rd6+ Kf7 30. Rh6 Rg8 31. Rxh5 Kg6 32. Rg5+ Kh7 33. Rxg8 Kxg8 34.
g4 fxg4 35. fxg4 Kg7 36. Ke4 Kf6 37. h5 a6 38. h6 a5 39. g5+ Kf7 40. h7 Kg7 41.
g6 b5 42. cxb5 c4 43. Kxe5 Kh8 44. b6 Kg7 45. b7 Kh8 46. b8=Q+ Kg7 47. Kf5 Kh6
48. h8=Q# 1-0

[Event "Michigan Open Reserve"]
[Site "Cadillac, MI"]
[Date "1999.09.05"]
[Round "5"]
[White "Aldrich, Justin"]
[Black "Baker, David"]
[Result "1-0"]
[WhiteElo "1503"]
[BlackElo "1515"]
[PlyCount "39"]
[EventDate "1999.09.03"]

1. e4 d6 2. d4 Nf6 3. Nc3 g6 4. Nf3 Bg7 5. h3 O-O 6. Bc4 e5 7. dxe5 Ne8 8. O-O
Nc6 9. Bg5 Qd7 10. Qd2 Nxe5 11. Nxe5 Bxe5 12. f4 Bg7 13. f5 gxf5 14. exf5 Nf6
15. Bh6 Qd8 16. Qg5 Nh5 17. Qxh5 Bxh6 18. Qxh6 Kh8 19. f6 Rg8 20. Bd3 1-0

[Event "Michigan Open Reserve"]
[Site "Cadillac, MI"]
[Date "1999.09.06"]
[Round "6"]
[White "Williams, Christopher"]
[Black "Saylor, Oliver"]
[Result "0-1"]
[WhiteElo "763"]
[BlackElo "1308"]
[PlyCount "54"]
[EventDate "1999.09.03"]

1. e4 e5 2. Nf3 Nc6 3. Bc4 Bc5 4. c3 Nf6 5. d4 Bb6 6. Bg5 h6 7. Bxf6 Qxf6 8.
O-O O-O 9. a3 d6 10. Nbd2 exd4 11. cxd4 Nxd4 12. Nxd4 Bxd4 13. Nf3 Bxb2 14. Ra2
Bg4 15. Be2 Be5 16. Nxe5 Bxe2 17. Rxe2 Qxe5 18. Qb1 b6 19. f4 Qc5+ 20. Kh1 Qxa3
21. Ra2 Qe3 22. Rf3 Qd4 23. Qc2 Rfe8 24. Ra4 Rxe4 25. Ra1 Qxa1+ 26. Qb1 Qxb1+
27. Rf1 Qxf1# 0-1

[Event "Michigan Open Reserve"]
[Site "Cadillac, MI"]
[Date "1999.09.06"]
[Round "7"]
[White "Swathell, Gary"]
[Black "Saylor, Oliver"]
[Result "1-0"]
[WhiteElo "1551"]
[BlackElo "1308"]
[PlyCount "153"]
[EventDate "1999.09.03"]

1. c4 c6 2. g3 Nf6 3. Bg2 d5 4. cxd5 cxd5 5. d4 Bf5 6. Nc3 e6 7. Bg5 Be7 8.
Bxf6 Bxf6 9. e3 O-O 10. Nge2 Nc6 11. O-O a6 12. a3 Qd7 13. b4 Rac8 14. Qd2 Qe7
15. b5 axb5 16. Nxb5 Qd7 17. Rfc1 Ne7 18. a4 Rxc1+ 19. Rxc1 h6 20. Rc7 Qd8 21.
Rxb7 Qa8 22. Ra7 Qc6 23. Qc3 Qxc3 24. Nexc3 Rc8 25. Rc7 Bd3 26. Rxc8+ Nxc8 27.
Bf1 Bxb5 28. Bxb5 Bd8 29. Ne2 Nd6 30. Bc6 Nc4 31. Nc1 Kf8 32. Nd3 Ke7 33. Kg2
Kd6 34. Be8 Ke7 35. Bb5 Kd6 36. Nc5 Bb6 37. Nd3 Na3 38. Ne5 f6 39. Nf7+ Ke7 40.
Nh8 Nxb5 41. axb5 Kd6 42. Ng6 e5 43. dxe5+ fxe5 44. Kf3 Bc7 45. Nh4 Ke6 46. g4
e4+ 47. Kg2 Kf6 48. h3 h5 49. Nf5 g6 50. Nd4 hxg4 51. hxg4 Ke5 52. f4+ exf3+
53. Kxf3 g5 54. Nf5 Bb6 55. Nh6 Ke6 56. Nf5 Ke5 57. Ne7 d4 58. Nc6+ Kd5 59.
Nxd4 Ke5 60. Nc6+ Kd6 61. Ke4 Kc5 62. Nd4 Kd6 63. Kf5 Bd8 64. Ne6 Bb6 65. e4
Be3 66. Nxg5 Kc5 67. Ne6+ Kxb5 68. g5 Kc6 69. g6 Bh6 70. e5 Kd7 71. Kf6 Ke8 72.
g7 Bxg7+ 73. Nxg7+ Kf8 74. e6 Kg8 75. e7 Kh8 76. e8=Q+ Kh7 77. Ne6 1-0